Statistics for Pyramid Puzzle #5

Click here to take the quiz!

General Stats

  • This quiz has been taken 804 times
  • The average score is 6 of 11

Answer Stats

HintAnswer% Correct
FatherPA
100%
FaucetTAP
98%
EnthralledRAPT
87%
Sea villainPIRATE
79%
Pig-like mammalTAPIR
76%
ArtistsPAINTERS
49%
Hospital proceduresOPERATIONS
48%
Walk wearilyTRAIPSE
36%
Steinway grands, eg.PIANOFORTES
24%
Treat like a child (Brit.)PATRONISE
22%
Holes made by boringPERFORATIONS
14%

Score Distribution

Percentile by Number Answered

Percent of People with Each Score

Your Score History

You have not taken this quiz